|
|
|
|
| LEADER |
00000cam a2200000 a 4500 |
| 001 |
vtls001466552 |
| 003 |
SK-MaSNL |
| 005 |
20260301121808.0 |
| 008 |
251031s2003 xo f 00000 slo |
| 015 |
|
|
|a SNBA2004/07-04129
|
| 020 |
|
|
|a 8089165001
|
| 035 |
|
|
|a SNK000421857
|
| 040 |
|
|
|a SNK
|b slo
|c SNK
|e AACR2
|
| 041 |
1 |
|
|a slo
|h eng
|
| 044 |
|
|
|a xo
|c SK
|
| 072 |
|
7 |
|a 27-4
|x Praktická teológia. Morálna teológia
|2 konspekt
|
| 080 |
|
|
|a 27-4
|2 2. slo
|
| 080 |
|
|
|a 27-4
|2 1981
|
| 080 |
|
|
|a 27-584
|2 1981
|
| 080 |
|
|
|a 27-184
|2 1981
|
| 080 |
|
|
|a 27-277.2
|2 1981
|
| 080 |
|
|
|a (0:82-4)
|2 1981
|
| 100 |
1 |
|
|a Ekman, Ulf,
|d 1950-
|4 aut
|9 61355
|
| 240 |
1 |
0 |
|a The creative mind
|l Slovensky
|
| 245 |
1 |
0 |
|a Tvorivá myseľ
|c Ulf Ekman ; [z anglického originálu preložil tím prekladateľov]
|
| 250 |
|
|
|a [1. vyd.]
|
| 260 |
|
|
|a Bratislava
|b Slovo života international
|c [2003]
|
| 300 |
|
|
|a 107 s.
|c 21 cm
|
| 650 |
0 |
7 |
|a život duchovný
|x úvahy
|2 SNK
|9 301416
|
| 650 |
0 |
7 |
|a kresťanská viera
|2 SNK
|9 1712
|
| 650 |
0 |
7 |
|a duchovný život
|2 SNK
|9 1807
|
| 650 |
0 |
7 |
|a Boh a človek
|2 SNK
|9 1711
|
| 650 |
0 |
7 |
|a biblické citáty
|2 SNK
|9 1914
|
| 655 |
|
7 |
|a príručky
|2 SNK
|9 74364
|
| 655 |
|
7 |
|a úvahy
|2 SNK
|9 29403
|
| 730 |
|
|
|t The creative mind
|9 466426
|
| 919 |
|
|
|a 80-89165-00-1
|
| 958 |
|
|
|a OP
|
| 958 |
|
|
|a NS
|
| 958 |
|
|
|a NT
|
| 968 |
|
|
|b ENG
|
| 999 |
|
|
|c 730652
|d 732582
|
| 952 |
|
|
|t P60, <03>, [BOOK], {603}
|a SNK
|b SNK
|y PREZ
|7 0
|p 17A0411373
|o snkSD 73484
|i snkKSP 774/2004
|0 0
|1 0
|4 0
|d 2004-01-20
|l 0
|r 2025-11-20 00:00:00
|w 2026-02-23
|
| 952 |
|
|
|t P60, <04>, [BOOK], {604}
|a SNK
|b SNK
|y VYP
|7 0
|p 17A0449667
|o snkSD 73484 D1
|i snkKSP 13931/2004
|0 0
|1 0
|4 0
|d 2004-10-28
|l 0
|r 2005-01-02 00:00:00
|w 2026-02-23
|